Штраус Марии Эмильевны

Доступно только в Электронных читальных залах Найти на картеНа карте
RUSMARC
00003953nac2a22002891x 450
00193cb60da-25ab-4821-a0d6-44df599cebbb
00520131119141710.0
100##$a20130605l19121912k y0rusy50 ca
1010#$arus
102##$aRU
105##$ay z |||||
1222#$ad19121014
$ad19121121
2001#$aШтраус Марии Эмильевны
$j14 октября - 21 ноября 1912
215##$a4 листа
251##$cДело
300##$aЗаголовок дела на папке: Письма Штраус Марии Эмильевны Кони Анатолию Федоровичу
300##$a2 письма
300##$aРукописный текст
330##$aПереписка А. Ф. Кони; Письма к А. Ф. Кони
461#0$10013a54f2e3-e9cf-409b-80fa-f0a9bd3c40cb
$12001
$aКони Анатолий Федорович, юрист, литератор, член академии наук, председатель Санкт-Петербургского окружного суда, член государственного совета
$1251
$cФонд
$1852
$j564
462#0$100178a475cd-a47d-4377-bff3-cee4b81de655
$12001
$aОпись дел фонда А. Ф. Кони за 1880-1931 гг.
$1251
$cОпись
$1852
$j1
517##$aПисьма Штраус Марии Эмильевны Кони Анатолию Федоровичу
600#1$aКони
$bА. Ф.
$f1844-1927
$gАнатолий Федорович
600#1$aШтраус
$bМ. Э.
$gМария Эмильевна
801#0$aRU
$bGA_RF
801#1$aRU
$bНПО Опыт
$c20130605
$2rusmarc
801#2$aRU
$bПБ им. Б.Н. Ельцина
$c20131119
$gRCR
$2rusmarc
852##$aГА РФ
$j3799
937##$d41815717
$hПБ
035##$aRuPRLIB51006359
Формат отображения